[Event "Moscow Alekhine op"]
[Site "Moscow"]
[Date "1992.??.??"]
[Round "?"]
[White "Bagirov, Vladimir"]
[Black "Magerramov, Elmar S"]
[Result "1/2-1/2"]
[WhiteElo "2500"]
[BlackElo "2565"]
[Annotator "Ribli,Z"]
[PlyCount "76"]
[EventDate "1992.10.??"]
[EventType "swiss"]
[EventRounds "9"]
[EventCountry "RUS"]
[SourceTitle "CBM 033"]
[Source "ChessBase"]
[SourceDate "1993.04.01"]
[SourceVersion "1"]
[SourceVersionDate "1993.04.01"]
[SourceQuality "1"]

1. Nf3 d5 2. c4 e6 3. b3 c5 4. Bb2 Nc6 5. e3 (5. cxd5 exd5 6. e3) 5... d4 (5...
Nf6 6. cxd5 exd5 7. Bb5 Be7 8. O-O O-O 9. d4 cxd4 10. Nxd4 Nxd4 11. Qxd4 Qa5
12. Bd3 Be6 13. Nc3 Rfc8 14. Rfc1 Ba3 15. Bxa3 Qxa3 16. Rc2 a6 17. Rac1 Qa5 $14
{Zlotnikov,M-Chernosvitov,A Voskresenk 1992 CBM/31}) 6. exd4 cxd4 7. g3 e5 8.
d3 Bg4 9. a3 f5 10. h3 Bh5 11. Be2 $5 Bf7 (11... Nf6 $2 12. Nxe5 $1 $18) 12. b4
Bd6 13. Nbd2 Qf6 14. g4 Be6 (14... fxg4 $2 15. Ne4 $16) 15. Rg1 $1 Nge7 16.
gxf5 Bxf5 17. Ng5 Ng6 18. Nde4 Qe7 19. c5 Bc7 20. Bg4 Bxg4 (20... Bxe4 21. Nxe4
$16) 21. Rxg4 (21. Qxg4 Nf4 $13) 21... Nf4 22. Qb3 h6 23. Rxf4 $1 exf4 24. Ne6
$44 Be5 25. Qd5 (25. b5 Nd8 26. Nxd4 Qf7 $13) 25... Qf7 (25... Qd7 26. Nd6+
Bxd6 27. cxd6 $36) 26. b5 (26. Nd6+ Bxd6 27. cxd6 Kd7 28. Nc5+ Ke8 29. Ne6 Kd7
$10) 26... Rd8 27. Qa2 (27. Nd6+ $5 Bxd6 28. cxd6 $44) 27... Ne7 28. Nxd8 Qxa2
29. Rxa2 Kxd8 30. Ba1 Kd7 31. Rc2 a6 32. Nd6 axb5 (32... Bxd6 33. cxd6 Kxd6 34.
bxa6 bxa6 35. Bxd4 Nf5 $10) 33. Nxb5 Kc6 34. Bxd4 Ng6 35. Bxe5 Nxe5 36. d4 Kxb5
37. dxe5 Re8 38. Rb2+ Kxc5 1/2-1/2

[Event "Beersheba-Peterburg Kings m"]
[Site "St Petersburg"]
[Date "1999.06.07"]
[Round "3"]
[White "Huzman, Alexander"]
[Black "Aseev, Konstantin N"]
[Result "1/2-1/2"]
[WhiteElo "2575"]
[BlackElo "2519"]
[Annotator "Ribli,Z"]
[PlyCount "145"]
[EventDate "1999.06.??"]
[EventType "schev"]
[EventRounds "10"]
[EventCountry "RUS"]
[SourceTitle "CBM 072"]
[Source "ChessBase"]
[SourceDate "1999.10.01"]
[SourceVersion "1"]
[SourceVersionDate "1999.10.01"]
[SourceQuality "1"]

{[%mdl 4128]} 1. Nf3 Nf6 2. c4 e6 3. g3 a6 {Die sogenannte Romanishin-Variante
ist seit vielen Jahren eine Lieblingswaffe des Ukainischen Großmeisters.
Schwarz möchte mit ...b7-b5 am Damenflügel spielen. Ribli.} 4. Bg2 b5 5. Ne5 {
Dieser Zug wird selten gespielt und bietet meines Erachtens dem Weißen nicht
viel.} (5. b3 Bb7 6. O-O c5 7. Nc3 Qb6 8. e3 Be7 9. Qe2 {Das ist die kritische
Variante für Schwarz.}) 5... Ra7 (5... c6 $5 {Die Diagonale ist geschlossen,
und im folgenden gewinnt Schwarz ein Tempo wegen des e5-Springers.} 6. d4 (6.
cxb5 axb5 7. O-O Be7 8. d4 O-O 9. Qc2 Bb7 10. Nc3 d6 11. Nf3 Nbd7 12. Rd1 Qa5
13. b3 Rfc8 14. Ng5 d5 15. Bd2 Qa6 16. e4 h6 17. e5 hxg5 18. Bxg5 c5 19. exf6
Bxf6 20. Bxf6 Nxf6 21. dxc5 Rxc5 22. Qd2 Rac8 23. Rac1 Qa5 {0-1 Kraschl,
J-Zelcic,R/Velden 1994/TD 94\02 (23)}) (6. b3 Qb6 {[%csl Gb6]} 7. d4 (7. Qc2 $5
) 7... d6 8. Nf3 Bb7 9. Nbd2 c5 $11 {0-1 Tratar,M-Zelcic,R/Baden 1999/CBM
71_07/[Ribli Zoltán] (45)}) 6... bxc4 7. Nxc4 d5 8. Ne5 Nbd7 9. Nxc6 Qc7 10.
Ne5 Nxe5 11. dxe5 Qxe5 12. O-O Be7 13. Nc3 O-O 14. Bf4 Qf5 15. Qd4 Qh5 16. e4
dxe4 17. Nxe4 Bb7 $11 {0-1 Stangl,M-Renet,O/Altensteig 1987/CBM 04 (29)}) 6. d4
bxc4 $5 {Schwarz nimmt auf c4 und gewinnt dann mit ...d5 ein Tempo.} (6... d6
7. Be3 $1 dxe5 $5 $146 (7... Bb7 8. d5 dxe5 9. Bxa7 bxc4 10. Bxb8 Qxb8 11. Qa4+
Kd8 12. Nc3 $16 {1-0 Mishuchkov,N-Lugovoi,A/St.Petersburg 1992/EXP 28 (29)}) (
7... c5 8. Nc6 Nxc6 9. Bxc6+ Bd7 10. Bf3 Qc8 11. dxc5 dxc5 12. Qc2 bxc4 13.
Qxc4 Nd5 14. Bd2 Be7 15. Nc3 Nb4 16. O-O O-O 17. Rac1 $14 {1-0 Neckar,
L-Panchenko,A/Prague 1982/EXT 97 (32)}) 8. dxe5 Qxd1+ 9. Kxd1 c5 10. exf6 gxf6
11. Nc3 Bb7 12. Bxb7 Rxb7 13. cxb5 axb5 14. a4 $1 $14 {1-0 Greenfeld,A-Loginov,
V/Beer_Sheva 73/10 1998/Inf 73/[Greenfeld,A] (55)}) (6... Bb7 7. d5 (7. Bxb7
Rxb7 8. c5 d6 9. Nd3 Nc6 10. e3 dxc5 11. Qf3 Qd5 12. Qxd5 Nxd5 13. Nxc5 Bxc5
14. dxc5 Ndb4 $36 {1/2-1/2 Voscilla,A-Zaja,I/Pula 1995/EXT 95 (57)}) 7... Bd6
8. Qd4 Ra8 9. Nc3 $14) 7. Nxc4 (7. Qa4 c5 8. dxc5 Bxc5 9. Qxc4 Qc7 $13) 7... d5
8. Ne5 c5 $11 {Schwarz hat eine starke Zentrumsstellung und keinerlei
Eröffnungsprobleme.} 9. dxc5 (9. Nc3 Bd6 $11 (9... Qb6 $6 10. dxc5 Bxc5 11. Nd3
Be7 12. Na4 $14)) 9... Bxc5 10. Nd3 Be7 (10... Bb6 11. Nc3 $14 {[%cal Gc3a4,
Ga4b6,Ga4c5]}) 11. Be3 Rb7 (11... d4 $2 12. Qa4+ $16 {[%cal Ra4e8,Ra4d4]}) 12.
Nd2 {[%csl Yc5][%cal Gd2b3,Gb3c5,Gd3c5]} (12. Nc3 O-O 13. O-O Nc6 $11) 12...
O-O 13. Nb3 {Der Springer übt starke Kontrolle über das Feld c5 aus.} Nbd7 14.
O-O (14. Bd4 Bd6 $36 {[%csl Rd4][%cal Re6e5]}) 14... e5 {[%csl Gd5,Ge5] Der
schwarze damenläufer hat Entwicklungprobleme, aber wichtiger ist die
bewegliche Bauernmasse im Zentrum. Schwarz hat mindestens gleiche Chancen.} 15.
Rc1 h6 {Schwarz vermeidet den eventuell möglichen Läuferzug Bg5.} (15... e4 $6
16. Nf4 $14 (16. Ndc5 $14)) 16. Qc2 {[%cal Gc1c8] Es gibt für Weiß nichts
Konkretes in der c-Linie.} Bd6 {[%cal Gb7c7,Gc7c1]} 17. Qc6 (17. Ndc5 Rc7 $17 {
[%csl Rc2,Rc5][%cal Gc7c1]}) 17... Nb8 (17... Bc7 $11) 18. Qa4 Bd7 $15 {
[%csl Ra4] Mit natürlichen Zügen erreicht Schwarz eine bequeme Stellung. Die
weiße Dame findet keine Ruhe.} 19. Qh4 (19. Qa5 Qxa5 20. Nxa5 Rb5 $15) 19...
Rb5 (19... Bb5 $5 $15 {[%cal Gb5f1]}) 20. Bc5 Qe7 (20... Bxc5 21. Nbxc5 Qe7 22.
e4 $11) 21. Bxd6 Qxd6 {Schwarz hat Übergewicht im Zentrum und aktives
Figurenspiel. Die weiße Dame auf h4 und der Springer auf b3 stehen schlecht.}
22. Rfd1 Bg4 {[%cal Gg4d1]} 23. f3 $6 {Dieser Zug, der die weiße
Königsstellung schwächt, gefällt mirnicht.} (23. Rc2 $5) 23... Bf5 24. g4 (24.
e4 Qb6+ 25. Ndc5 Nbd7 26. exf5 Nxc5 $17) 24... Bxd3 $5 (24... Be6 $15) 25. Rxd3
Nbd7 {[%csl Rb3,Gd5,Ge5,Rg2][%cal Ga6a5,Ga5a4,Gb5b2] Schwarz hat harmonisches
Figurenspiel, während die weißen Figuren schlecht koordinieren.} 26. Qf2 a5 {
[%csl Rb2,Rb3][%cal Gb5b2,Ga5a4]} 27. Qa7 {Weiß verhindert den Zug 27...a4.}
Qb6+ $5 28. Qxb6 Nxb6 {[%csl Rb3,Yc4,Rg2][%cal Gb6c4,Gb6a4] Der gute schwarze
Springer strebt nach c4. Die weißen Leichtfiguren stehen schlecht.} 29. Rc2 (
29. Rdc3 $2 a4 30. Rc5 (30. Nc5 Rxb2 $17) 30... Rb4 $17) 29... Nc4 {[%cal
Gc4b2,Gb5b2]} 30. Nd2 $8 {Das ist in schwieriger Lage die einzige Möglichkeit
für Weiß. Er gibt den Bauern b2 und bekommt etwas Luft.} Rxb2 (30... Nxb2 31.
Rb3 Rxb3 32. axb3 Nd1 33. Rc5 Ra8 34. h4 Ne3 $15) 31. Rxb2 Nxb2 $17 {Ich sehe
keine Kompensation für den weißen Minusbauern.} 32. Rb3 Nc4 (32... Nd1 $5 33.
Ra3 Rc8 34. Rxa5 Rc2 $17) (32... Na4 $6 33. Ra3 Nb6 34. Rxa5 $11) 33. Nxc4 dxc4
34. Rc3 Rc8 35. e4 {[%cal Gg2f1,Gf1c4] Weiß muß so spielen, sonst kommt
Schwarz mit 35...Nd5. Weiß kann jetzt auch den schlechten Läufer mit Bf1 ins
Spiel bringen.} Ne8 {Der Springer will nach d6, aber ich glaube, der andere
Springerzug wäre natürlicher.} (35... Nd7 $5 36. Bf1 Nb6 $17 {[%cal Gg8f8,
Gf8e7,Ge7d6,Gd6c5]}) 36. Bf1 Nd6 37. Kf2 Kf8 {Beide Spieler zentralisieren die
Könige.} 38. Ke3 Ke7 39. Rc1 (39. Kd2 Kd8 $17) 39... Kd8 {Der d6-Springer
verteidigt den c-Bauern.} 40. Kd2 Rc5 41. Rb1 {[%csl Gb1][%cal Gb1b8]} Kc7 $6 (
41... Nb5 $5 {[%cal Gb5d4]} 42. Bxc4 $2 Na3 $19 {[%cal Ra3b1,Ra3c4]}) 42. a4 $1
{[%csl Yc3][%cal Gd2c3] Schwarz kann jetzt nicht mehr ...Nb5 spielen.} g5 (
42... c3+ 43. Kc2 $15 {[%cal Gb1b3,Gb3c3]}) 43. Kc3 $15 {[%csl Gc3] Der weiße
König blockiert auf c3 ausgezeichnet. Es ist nicht leicht für Schwarz, den
Materialvorteil zu verwerten.} Rc6 44. Be2 Rb6 $5 {Schwarz gibt den c4-Bauern
auf und tauscht die Türme.} (44... f6 45. h4 $15 {[%cal Gb1h1,Gh1h7]}) 45. Rxb6
Kxb6 46. Bxc4 {Die Stellung ist materiell gleich, aber Schwarz hat leichten
Vorteil, denn in seiner Stellung ist alles verteidigt und Weiß hat keine
Möglichkeiten einzudringen, während der schwarze Springer wirksamer ist als
der schlechte weiße Läufer.} Kc5 47. Bb3 {Weiß hat eine passive Stellung, aber
eigentlich kann Schwarz nicht vorankommen.} f6 48. Be6 Ne8 49. Bd7 Nc7 (49...
Ng7 50. Bc8 $11) 50. Bc8 Na8 {[%csl Ra4][%cal Ra8b6,Rb6c8,Rb6a4]} 51. Bd7 (51.
Ba6 Nb6 52. Bb5) 51... Nb6 52. Bb5 $11 {Schwarz kann seinen minimalen Vorteil
nicht verwerten.} Kd6 53. Be8 Ke6 54. Bc6 Kf7 {Schwarz hat kein konkretes Ziel,
demonstriert nur seine Überlegenheit.} 55. Bb5 Kf8 56. Bc6 Kg7 57. Bb5 Kg6 58.
Be8+ Kh7 59. Bc6 Kh8 60. Bb5 (60. Kb3 $11) 60... Kg8 61. Bc6 Kf8 62. Bb5 Ke7
63. Bc6 Kd6 64. Be8 Kc5 65. Bb5 Na8 (65... Kd6 $11) 66. Bd7 Kd6 67. Bb5 Nc7 68.
Bc4 {[%csl Gc4][%cal Gc4a6,Gc4e6] Der c4-Läufer kontrolliert die wichtigsten
Felder.} Kc5 69. Bf7 Na6 {[%cal Ga6b4] Es droht das Manöver ...Nb4-c6-d4.} 70.
Bc4 Nb4 {[%cal Gb4c6,Gc6d4]} 71. Bb5 {Der Springer darf jetzt nicht nach c6
ziehen.} Na2+ (71... Nc6 $4 72. Bxc6 Kxc6 73. Kc4 $18) 72. Kb2 Nb4 73. Kc3 {
Und endlich wurde remis vereinbart. Schwarz kommt nicht voran.} 1/2-1/2

[Event "Ljubljana Iskra"]
[Site "Ljubljana"]
[Date "1992.??.??"]
[Round "?"]
[White "Sifrer, Darko"]
[Black "Jelen, Iztok"]
[Result "1/2-1/2"]
[WhiteElo "2355"]
[BlackElo "2425"]
[Annotator "Ribli,Z"]
[PlyCount "137"]
[EventDate "1992.??.??"]
[EventType "tourn"]
[EventRounds "11"]
[EventCountry "SLO"]
[EventCategory "8"]
[SourceTitle "CBM 031"]
[Source "ChessBase"]
[SourceDate "1992.12.01"]
[SourceVersion "1"]
[SourceVersionDate "1992.12.01"]
[SourceQuality "1"]

1. c4 e6 2. Nf3 d5 3. g3 dxc4 4. Qa4+ Nd7 5. Bg2 Ngf6 6. Qxc4 c5 7. Qb3 Rb8 8.
Nc3 a6 9. d3 Bd6 10. Ng5 b5 (10... b6 $6 11. Nge4 Bc7 12. O-O O-O 13. Rd1 Bb7
14. d4 cxd4 15. Rxd4 Be5 16. Nxf6+ Bxf6 17. Rd1 Bxg2 18. Kxg2 Qc8 19. Ne4 Be5
20. Qf3 $14 {Barbero-Luther Kopenhaga 1991 53/15}) 11. O-O Qb6 12. a4 $5 (12.
Be3 O-O 13. Rac1 Bb7 14. Nge4 Rfc8 $2 (14... Nxe4 $5) 15. Na4 $18 {Panchenko,
AN-Jelen,Iz Bled op 1992 CBM/29}) (12. Nce4 O-O $5 (12... Nxe4 13. Nxe4 Bb7 14.
Nxd6+ Qxd6 15. Bxb7 Rxb7 16. a4 O-O 17. axb5 axb5 18. Bf4 Qc6 19. Rfc1 $14 {
Stangl,M-Marciano,D Wildbad 1990 EXP/20}) 13. Nxd6 Qxd6 14. Bf4 e5 15. Be3 Bb7
16. Bxb7 Rxb7 17. Rac1 $13 {Sigfusson,S-Arnason,J Reykjavik 1989 CBM/13}) 12...
O-O 13. axb5 axb5 14. Be3 Bb7 15. Nge4 Nxe4 16. Nxe4 Be5 17. Rfc1 Rfc8 18. f4
Bf6 19. Nxf6+ gxf6 (19... Nxf6 $2 20. Bxb7 Rxb7 21. Rxc5 $1 Rxc5 22. Ra8+ Rb8
23. Rxb8+ Qxb8 24. Bxc5 $18) 20. Bxb7 Qxb7 21. Ra5 Qc6 22. Ra7 Rb7 23. Rxb7
Qxb7 24. Qa3 c4 25. dxc4 Rxc4 26. Rd1 $1 $14 b4 27. Qd3 Rc7 28. Qd6 Kg7 29. Rd4
Nc5 30. f5 Ne4 31. Qxb4 Qxb4 32. Rxb4 exf5 33. Rb8 Rd7 34. Rc8 Rd1+ 35. Kg2 Re1
36. Rc2 Kf8 $6 (36... Rb1 $5) 37. Bc1 $1 Rd1 38. b4 Nd6 39. Bf4 Nb5 40. Rc5 Nd6
41. b5 (41. Bxd6+ Rxd6 42. b5 $16) 41... Ne4 42. Rc1 (42. Rxf5 $5 Rb1 43. Kf3
Nc3 44. Rxf6 Rxb5 $14) 42... Rd5 43. Rc8+ Kg7 44. b6 Rb5 45. Be3 Rb2 46. Kf3 h5
47. Bd4 Rb4 48. Ke3 Rb3+ 49. Kf4 Ng5 50. Kxf5 Rb5+ 51. Rc5 Rxb6 52. Bxf6+ Rxf6+
53. Kxg5 Rf2 54. h4 Rxe2 55. Kxh5 Re6 56. Rg5+ Kh7 57. Kg4 Ra6 58. Kf5 Rb6 59.
Rg4 Ra6 60. Re4 Kg7 61. g4 Rf6+ 62. Kg5 Rg6+ 63. Kf4 Rf6+ 64. Kg3 Ra6 65. h5
Ra1 66. Kf4 Rf1+ 67. Kg5 f6+ 68. Kh4 f5 69. gxf5 1/2-1/2

[Event "Clarin GP final"]
[Site "Villa Gesell"]
[Date "1998.03.13"]
[Round "7"]
[White "Sorokin, Maxim"]
[Black "Ginzburg, Maximiliano"]
[Result "1-0"]
[WhiteElo "2555"]
[BlackElo "2470"]
[Annotator "Ribli,Z"]
[PlyCount "85"]
[EventDate "1998.03.07"]
[EventType "tourn"]
[EventRounds "11"]
[EventCountry "ARG"]
[EventCategory "10"]
[SourceTitle "CBM 064"]
[Source "ChessBase"]
[SourceDate "1998.06.02"]
[SourceVersion "1"]
[SourceVersionDate "1998.06.02"]
[SourceQuality "1"]

1. Nf3 Nf6 2. c4 e6 3. g3 a6 {Das ist GM Romanishins Idee. Schwarz bereitet
aktives Gegenspiel am Damenflügel vor. Ribli.} 4. Bg2 b5 5. b3 c5 6. Nc3 {
Weiß möchte den Zug 6...b4 provozieren, wonach der schwarze Damenflügel
festgelegt und der Bauer c5 eine potentielle Schwächen wäre.} Qb6 7. O-O Bb7 8.
e3 {[%cal Gd1e2,Ge2b5] Nach meiner Meinung ist das der beste Plan für Weiß.
Die Dame entwickelt sich nach e2 und beäugt den Bauern b5.} Be7 9. Qe2 (9. d4
O-O (9... Ne4 10. Bb2 O-O 11. dxc5 Bxc5 12. Qc2 Nxc3 13. Qxc3 f6 14. Rac1 b4
15. Qd3 $14 {Ribli,Z-Kindermann,S/Munich 1988/1/2-1/2 (45)}) 10. d5 exd5 11.
cxd5 d6 12. e4 Nbd7 13. Re1 Rfe8 14. Qc2 Bf8 15. h3 g6 16. Be3 a5 17. Nd2 Ba6
18. Bf1 b4 19. Na4 Qb7 20. Bxa6 Qxa6 $14 {Panchenko,A-Lugovoi,A/Komercni Banka
op 1997/0-1 (56)}) 9... b4 {Dieser Zug, der die Spannung am Damenflügel
aufhebt, gefällt mir nicht. Weiß kann gegen die schwarzen Schwächen am
Damenflügel spielen.} (9... Ne4 10. Nxe4 Bxe4 11. Bb2 O-O 12. d3 Bb7 13. d4 (
13. Ne1 Bxg2 14. Nxg2 Nc6 15. Qg4 f6 16. f4 Nb4 17. Qe2 Rfe8 18. g4 a5 19. Rab1
a4 20. a3 Nc6 21. bxa4 bxc4 22. dxc4 Qc7 $13 {Shestakov,S-Panchenko,A/Moscow
op 1994/EXT 94op/1-0 (41)}) 13... d6 14. dxc5 Qxc5 15. Bd4 Qh5 16. cxb5 axb5
17. Rfc1 Nc6 18. Bb2 Rfb8 19. e4 b4 20. Qe3 Qh6 21. Qxh6 gxh6 22. Nd2 Ne5 23.
Bf1 Bf6 24. Bd4 Rc8 {Akopian,V-Chiburdanidze,M/WchT 4th 1997/1/2-1/2 (120)}) (
9... Bc6 $5 {Nach meiner Meinung kommt dieser Zug stark in Betracht. Schwarz
verteidigt den Bauern b5 und legt sich noch nicht auf seinen Plan fest.}) 10.
Na4 Qc7 11. d4 d6 (11... cxd4 12. exd4 $14 {mit weißem Zentrumsübergewicht.})
12. Bb2 Nbd7 13. dxc5 (13. Ne1 O-O 14. dxc5 Bxg2 15. Nxg2 Nxc5 16. Nxc5 Qxc5
17. Rfd1 a5 18. a4 bxa3 19. Bxa3 Qc6 20. f3 Rab8 21. Rab1 Rfc8 22. Rdc1 Nd7 23.
Ne1 a4 $36 {0-1 Jackelen,T-Kengis,E/Bonn GSK-2 1995 (35)}) 13... dxc5 (13...
Nxc5 {Schwarz tauscht den weißen Randspringer.} 14. Nxc5 dxc5 15. Rfd1 $14) 14.
Rfd1 $14 {[%csl Gb2,Rc5][%cal Gb2h8] Die Bauernstruktur ist symmetrisch, aber
Weiß hat einen starken schwarzfeldrigen Läufer auf der langen Diagonalen und
die etwas freiere Stellung.} O-O 15. Ne1 Bxg2 (15... Rfd8 $5) (15... Nb6 $5)
16. Kxg2 (16. Nxg2 $6 {[%csl Rg2] Der Springer steht schlecht auf g2.}) 16...
Nb6 17. Nxb6 Qxb6 18. Qf3 {[%csl Gf3][%cal Gf3a8,Gb2h8] Weiß hat die bessere
Figurenstellung, beherrscht die langen Diagonalen.} Rad8 (18... a5 $5 $132 {
[%cal Ga5a4] mit Gegenspiel am Damenflügel.}) 19. Nd3 Nd7 (19... Rd7 20. Ne5
Rxd1 21. Rxd1 Rd8 22. Rxd8+ Qxd8 (22... Bxd8 23. Qa8 $16 {[%cal Ga8g8]}) 23.
Nc6 Qd7 24. Nxe7+ Qxe7 25. Qa8+ Ne8 26. Qxa6 $16) 20. Rd2 Bf6 21. Rad1 Bxb2 (
21... h6) 22. Nxb2 Ne5 23. Qe4 Rxd2 24. Rxd2 {Die Stellung ist fast
symmetrisch, die weißen Figuren koordinieren besser und der Bauer c5 stellt
immer eine potentielle Schwäche dar.} f6 {Dieser Zug ist nicht schön, aber
Schwarz hat schon schwere Probleme mit dem Springer e5.} (24... Nc6 25. Na4 $16
{[%csl Rc5][%cal Ra4b6,Ra4c5]}) (24... Ng6 25. Rd7 {[%csl Gd7][%cal Gd7h7,
Gd7a7]}) 25. Na4 Qc7 26. f4 $16 {[%csl Ga4,Rc5,Gd2,Ge4,Re6,Rg8]} Rd8 {Schwarz
opfert (oder verliert) die Figur. Eventuell hat er Dauerschachchancen.} 27.
Rxd8+ Qxd8 28. fxe5 Qd2+ 29. Kh3 Qe2 30. exf6 Qh5+ 31. Kg2 Qe2+ 32. Kh3 {
Weiß möchte in Zeitnot Bedenkzeit gewinnen.} Qh5+ 33. Qh4 Qf5+ 34. Qg4 Qf1+ 35.
Kh4 Qxf6+ 36. Qg5 {Es gibt kein Schach mehr und Weiß kann den großen
Materialvorteil verwerten.} Qf2 37. Nxc5 h6 38. Qg6 $18 (38. Qh5 $2 Qxh2+ 39.
Kg4 Qe2+ 40. Kh4 g5+ $19) (38. Qg4 $2 Qxh2+ 39. Qh3 g5+ 40. Kg4 Qe2#) 38...
Qxh2+ 39. Kg4 Qe2+ 40. Kf4 Qf2+ 41. Ke5 {[%csl Gc5,Ge5,Gg6]} Qxe3+ 42. Ne4 {
Weiß hat eine klare Mehrfigur und eine aktive Stellung.} Kh8 43. Qxe6 {Und
Schwarz gab auf. Ribli.} 1-0

[Event "Dortmund Master"]
[Site "Dortmund"]
[Date "1999.07.17"]
[Round "9"]
[White "Mainka, Gregor"]
[Black "Varga, Zoltan"]
[Result "0-1"]
[WhiteElo "2340"]
[BlackElo "2541"]
[Annotator "Ribli,Z"]
[PlyCount "74"]
[EventDate "1999.07.09"]
[EventType "tourn"]
[EventRounds "9"]
[EventCountry "GER"]
[EventCategory "9"]
[SourceTitle "CBM 072"]
[Source "ChessBase"]
[SourceDate "1999.10.01"]
[SourceVersion "1"]
[SourceVersionDate "1999.10.01"]
[SourceQuality "1"]

1. Nf3 {[%mdl 4160]} d5 2. e3 {Weiß kann mit dieser genügsamen Fortsetzung
nicht auf Eröffnungvorteil hoffen. Ribli.} Nf6 3. c4 e6 4. b3 Be7 5. Bb2 O-O 6.
d4 c5 {Schwarz hat eine gesunde Stellung ohne Eroeffnungsprobleme. Das
Bauernzentrum ähnelt dem der Tarrasch-Variante des Damengambits.} (6... b6 7.
Bd3 Bb7 8. Nbd2 Nbd7 9. O-O Ne4 10. Qe2 a6 11. Rfd1 f5 12. Ne5 Nxe5 13. dxe5
Qe8 14. Rac1 c6 15. Nf3 Qg6 16. Ne1 a5 17. f3 Nc5 18. Bb1 Ba6 $13 {.... 0-1
Vospernik,Z-Ibragimov,I/Bled 1996/CBM 51 ext (75)}) 7. dxc5 (7. cxd5 Nxd5 (7...
exd5 8. dxc5 Bxc5 9. Be2 $14) 8. dxc5 Bxc5 9. a3 a5 10. Bd3 Qe7 11. Qc2 h6 12.
Nc3 Nf6 13. O-O Nbd7 14. e4 e5 15. Rfe1 Re8 16. Nb5 Qd8 17. Bc4 {1-0 Votruba,
P-Holzhaeuer,M/Wuert-chT 1994/GER (43)}) 7... dxc4 {Schwarz möchte die Damen
tauschen und so Ausgleich erzielen.} (7... Bxc5 $5 $11) 8. Qxd8 Rxd8 9. Bxc4
Bxc5 $11 {Die Bauernstruktur ist symmetrisch. Weiß hat keinen
Eröffnungsvorteilerringen können. Ähnliche Stellungen haben wir in der
sogenannten Spasski Variante des Angenommenes Damengambits nach 1.d4 d5 2.c4
dxc4 3.Nf3 Nf6 4.e3 e6 5.Bxc4 c5 6.0-0 a6 7.dxc5.} 10. Nbd2 (10. Nc3 a6 $11)
10... a6 11. Ke2 b6 $5 {Schwarz spielt nicht den Tempogewinn 11...b5, wonach
der Damenflügel verwundbar wird.} (11... b5 12. Bd3 Bb7 13. a4 $14 {Weiß hat
etwas positionellen Vorteil. Nach 13...b4 wird das Feld c4 geschwächt, während
nach 13...bxa4 14.Rxa4 Weiß die Initiative hat.}) 12. Bd3 {[%cal Gd2e4] Das
ist ein Schlüsselmotiv in diesen Varianten. Weiß möchte 13.Ne4 spielen.} Bb7
13. Bxf6 {Weiß gibt das Läuferpaar auf, aber die Schwächung der schwarzen
Königsstellung ist ohne Bedeutung. Das Läuferpaar sichert dem Schwarzen
gleiche Chancen.} gxf6 14. Be4 Nc6 (14... Bxe4 15. Nxe4 Be7 16. Rac1 $14) 15.
g4 {Eine prophylaktischer Zug, der gegen 15...f5 gerichtet ist.} Rd7 {[%cal
Ga8d8,Gd8d2,Gd7b7] Schwarz verteidigt den b7-Läufer und bereitet die
Verdoppelung der Türme vor.} 16. a3 $2 {Weiß möchte 17.b4 ziehen, aber der
a3-Bauer ist schwach.} a5 $1 {Schwarz erlaubt den Vorstoß b3-b4 nicht und kann
in der Folge gegen die Schwäche a3 drücken.} 17. Rhc1 Rc8 (17... Rad8 $11) 18.
Rc3 Rdc7 19. Ra2 $6 (19. Kd1 $11) 19... h6 {Schwarz befreit den König von der
Verteidigung des h7-Bauern.} 20. h3 Kf8 21. Ke1 Ke7 22. Nb1 (22. Bd3 $11 {
Schwarz hat mindestens gleiche Chancen, denn sein König ist zentralisiert und
sein Läuferpaar ist stark.}) {[#]} 22... Nb4 $1 {[%cal Rb4a2,Rb7e4] Eine
schöne kleine Kombination mit der Schwarz letztlich einen Bauern gewinnt.} 23.
axb4 (23. Bxb7 Nxa2 24. Bxc8 Nxc3 $19) 23... Bxe4 (23... Bxb4 24. Bxb7 Rxb7 25.
Rac2 Rbc7 26. Kd2 b5 27. Kd3 $14) 24. bxc5 (24. Nbd2 Bxb4 $17) 24... Bxb1 (
24... Bxf3 25. Nd2 Bg2 $15) 25. Rb2 Bg6 {[%csl Rc5] Die Stellung ist noch
materiell gleich, aber der c5-Bauer ist kaum zu verteidigen.} 26. b4 axb4 27.
Rxb4 bxc5 $17 {Schwarz hat einen Bauern mehr. Das reduzierte Material bietet
Weiß einige Rettungschancen, aber die schwarze Gewinnchancen sind viel besser.}
28. Rbc4 Kd6 {Schwarz verteidigt c5 mit dem König.} 29. Nd2 Rb8 {[%cal Gb8b1]}
30. e4 f5 $5 {Schwarz öffnet die Stellung für seinen Läufer und befreit sich
von dem Doppelbauern.} 31. f3 fxe4 32. fxe4 (32. Nxe4+ Bxe4 33. Rxe4 (33. fxe4
Rb2 $17) 33... Rb2 $17) 32... e5 {[%cal Gf7f6,Gg6f7,Gf7c4] Schwarz besitzt
einen Mehrbauern und steht recht aktiv. Es droht eventuell ...f6 nebst ...Lf7.}
33. Nb3 Rb4 34. Ke2 (34. Rxc5 Rxe4+ $17) 34... Bxe4 35. Rxc5 (35. Nxc5 Rxc4 36.
Rxc4 Bg6 $17 (36... Bd5 $17)) 35... Rxc5 36. Nxc5 Bd5 (36... Bg6 $17) 37. Nd3
Ra4 {Ich denke, Weiß überschritt hier die Bedenkzeit. Seine Lage ist schwierig,
aber noch nicht unbedingt aufgabereif.} (37... Bc4 $17) (37... Ra4 $17 {
[%cal Ga4a2,Ga2h2]}) 0-1